Представление документа в формате MARC21

ПолеНазваниеЗначение
  Тип записи a
  Библиографический уровень m
001 Контрольный номер RU/URAIT/585142
005 Дата корректировки 20260429163558.5
008 Кодируемые данные 260429s2026 RU y f j 000 0 rus u
020 Индекс ISBN __
a ISBN 978-5-534-05204-6
c Цена, тираж 1189.00
040 Источник каталогиз. __
a Служба первич. каталог. ИКО Юрайт
c Служба, преобразующая запись ИКО Юрайт
e Правила каталог. RCR
041 Код языка издания __
a Код языка текста rus
044 Код страны публикации __
a Код страны публикации RU
080 Индекс УДК __
a Индекс УДК 621.38(075.32)
084 Индекс другой классификации/Индекс ББК __
2 Источник индекса rubbk
a Индекс другой классификации/Индекс ББК 32.85я723
100 Автор __
a Автор Розанов Ю. К.
q Полное имя Розанов Юрий Константинович
245 Заглавие __
a Заглавие Силовая электроника
b Продолж. заглавия учебник и практикум для спо
c Ответственность Ю. К. Розанов, М. Г. Лепанов ; под редакцией Ю. К. Розанова.
256 Характеристики компьютерного файла __
a Характеристики компьютерного файла Электрон. дан.
260 Выходные данные __
a Место издания Москва
b Издательство Юрайт
c Дата издания 2026
300 Физическое описание __
a Объем 206 с
440 Серия __
a Серия Профессиональное образование
500 Примечания __
a Примечание URL: https://urait.ru/bcode/585142 (дата обращения: 29.04.2026).
520 Аннотация __
a Аннотация Курс дает студентам представление о принципах действия и основных характеристиках силовых электронных приборов, а также о современных тенденциях развития данной отрасли. В курсе подробно описаны принципы регулирования и основные функциональные элементы систем управления устройствами силовой электроники. Представлены базовые схемы тиристорных преобразователей, автономных инверторов и регуляторов постоянного тока, изложены их принципы действия, приведены основные характеристики. Подробно рассмотрены транзисторные преобразователи с управлением посредством широтно импульсной модуляции, их режимы работы и функциональные возможности. Уделено внимание устройствам повышения качества электроэнергии: статическим компенсаторам реактивной мощности, устройствам симметрирования токов в трехфазной сети, активным и гибридным фильтрам высших гармоник.
538 Прим. о системных особенностях __
a Прим. о системных особенностях Режим доступа: Электронно-библиотечная система Юрайт, для авториз. пользователей
653 Ключевые слова __
a Ключевые слова Электротехника, электроника, телекоммуникации
653 Ключевые слова __
a Ключевые слова Технические науки
653 Ключевые слова __
a Ключевые слова Общая электротехника и электроника
653 Ключевые слова __
a Ключевые слова Электроника
653 Ключевые слова __
a Ключевые слова Электротехника и электроника
653 Ключевые слова __
a Ключевые слова Основы электротехники и электроники
653 Ключевые слова __
a Ключевые слова Теоретические основы электротехники и электроники
653 Ключевые слова __
a Ключевые слова Основы электроники
653 Ключевые слова __
a Ключевые слова Электротехника и электронная техника
653 Ключевые слова __
a Ключевые слова Электроника и электротехника
653 Ключевые слова __
a Ключевые слова Электротехника и основы электронной техники
653 Ключевые слова __
a Ключевые слова Электротехника и основы электроники
653 Ключевые слова __
a Ключевые слова Техническая эксплуатация электрооборудования электрических станций, сетей и систем
653 Ключевые слова __
a Ключевые слова Техническое обслуживание оборудования электрических подстанций и сетей
653 Ключевые слова __
a Ключевые слова Теоретические основы электротехники и электроника
653 Ключевые слова __
a Ключевые слова Введение в электронику
653 Ключевые слова __
a Ключевые слова Силовые электронные преобразователи
653 Ключевые слова __
a Ключевые слова Электрооборудование холодильных установок
653 Ключевые слова __
a Ключевые слова Основы электроники и электротехники
653 Ключевые слова __
a Ключевые слова Теоретическая электротехника и электроника
653 Ключевые слова __
a Ключевые слова Эксплуатация и техническое обслуживание силовых систем напряжением свыше 1000 вольт
653 Ключевые слова __
a Ключевые слова Электротехника и электроника. Раздел Электроника
653 Ключевые слова __
a Ключевые слова Электротехника, электроника
653 Ключевые слова __
a Ключевые слова Электрооборудование холодильных машин и установок
653 Ключевые слова __
a Ключевые слова Обслуживание, ремонт и наладка устройств силовой электроники и пускозащитной аппаратуры
700 Другие авторы __
a Другие авторы Лепанов М. Г.
q Полное имя Лепанов Михаил Геннадьевич
856 Электронный адрес документа 40
n Местонахождение сервера Юрайт
g Электронная книга
q Тип электронного формата html
h Имя пользователя ЮРАЙТ
v Часы доступа к ресурсу 20271231
2 Способ доступа Показать документ
x Служебное примечание https://urait.ru/book/cover/045987D3-3C73-4C84-8D65-8E6D4578392A
u URL https://urait.ru/bcode/585142
856 Электронный адрес документа 48
q Тип электронного формата cover
u URL https://urait.ru/book/cover/045987D3-3C73-4C84-8D65-8E6D4578392A
911 __
u 0030=https://urait.ru/bcode/585142
911 __
u 073a=9785534052046
u 073d=1189.00
911 __
u 106a=s
911 __
u 900l=
952 Тип литературы __
i Дисциплина Общая электротехника и электроника
952 Тип литературы __
i Дисциплина Электроника
952 Тип литературы __
i Дисциплина Электротехника и электроника
952 Тип литературы __
i Дисциплина Основы электротехники и электроники
952 Тип литературы __
i Дисциплина Теоретические основы электротехники и электроники
952 Тип литературы __
i Дисциплина Основы электроники
952 Тип литературы __
i Дисциплина Электротехника и электронная техника
952 Тип литературы __
i Дисциплина Электроника и электротехника
952 Тип литературы __
i Дисциплина Электротехника и основы электронной техники
952 Тип литературы __
i Дисциплина Электротехника и основы электроники
952 Тип литературы __
i Дисциплина Техническая эксплуатация электрооборудования электрических станций, сетей и систем
952 Тип литературы __
i Дисциплина Техническое обслуживание оборудования электрических подстанций и сетей
952 Тип литературы __
i Дисциплина Теоретические основы электротехники и электроника
952 Тип литературы __
i Дисциплина Введение в электронику
952 Тип литературы __
i Дисциплина Силовые электронные преобразователи
952 Тип литературы __
i Дисциплина Электрооборудование холодильных установок
952 Тип литературы __
i Дисциплина Основы электроники и электротехники
952 Тип литературы __
i Дисциплина Теоретическая электротехника и электроника
952 Тип литературы __
i Дисциплина Эксплуатация и техническое обслуживание силовых систем напряжением свыше 1000 вольт
952 Тип литературы __
i Дисциплина Электротехника и электроника. Раздел Электроника
952 Тип литературы __
i Дисциплина Электротехника, электроника
952 Тип литературы __
i Дисциплина Электрооборудование холодильных машин и установок
952 Тип литературы __
i Дисциплина Обслуживание, ремонт и наладка устройств силовой электроники и пускозащитной аппаратуры